University Home | Library Home | Institutional Repository

Machine politics: Chicago model, (Record no. 182440)

MARC details
000 -LEADER
fixed length control field 01119cam9a220024100 4500
001 - CONTROL NUMBER
control field lce00686643
008 - FIXED-LENGTH DATA ELEMENTS--GENERAL INFORMATION
fixed length control field 690925c19681937nyuac b 001 0 eng
010 ## - LIBRARY OF CONGRESS CONTROL NUMBER
LC control number 69013914
035 ## - SYSTEM CONTROL NUMBER
System control number (Sirsi) r110523
035 ## - SYSTEM CONTROL NUMBER
System control number (DLC) 69013914
035 ## - SYSTEM CONTROL NUMBER
System control number (UPRA)lce00686643
050 0# - LIBRARY OF CONGRESS CALL NUMBER
Classification number JS708
Item number .G6 1968b
082 ## - DEWEY DECIMAL CLASSIFICATION NUMBER
Classification number 320.9/773/11
100 1# - MAIN ENTRY--PERSONAL NAME
Personal name Gosnell, Harold Foote, 1896-
Dates associated with a name Gosnell, Harold Foote, 1896-
Linkage A70353.1
245 10 - TITLE STATEMENT
Title Machine politics: Chicago model,
Statement of responsibility, etc. by Harold F. Gosnell. Foreword by William F. Ogburn.
260 ## - PUBLICATION, DISTRIBUTION, ETC.
Place of publication, distribution, etc. New York,
Name of publisher, distributor, etc. Greenwood Press
Date of publication, distribution, etc. [1968, c1937]
504 ## - BIBLIOGRAPHY, ETC. NOTE
Bibliography, etc. note Bibliography: p. 214-219.
650 #0 - SUBJECT ADDED ENTRY--TOPICAL TERM
Topical term or geographic name entry element Politics, Practical.
Linkage S32026.1
651 #0 - SUBJECT ADDED ENTRY--GEOGRAPHIC NAME
Geographic name Chicago (Ill.) -- Politics and government -- To 1950.
General subdivision Chicago (Ill.) -- Politics and government -- To 1950.
Chronological subdivision Chicago (Ill.) -- Politics and government -- To 1950.
Linkage S53109.1
651 #0 - SUBJECT ADDED ENTRY--GEOGRAPHIC NAME
Geographic name Chicago (Ill.) -- Politics and government -- 1951-
General subdivision Chicago (Ill.) -- Politics and government -- 1951-
Chronological subdivision Chicago (Ill.) -- Politics and government -- 1951-
Linkage S53110.1
949 ## - LOCAL PROCESSING INFORMATION (OCLC)
a JS708
w lcc
i 33729001760227
m MAIN
p 2500
t BOOK
l ON-SHELF

No items available.

© 2026 - The University of Zambia Library - Koha v25.11